000 01565cam a22004574i 4500
003 PE-LiUPU
005 20250731184523.0
008 150617s r 000 0 d
035 _a(Sirsi) a18789
040 _aPE-LiUPU
_bspa
_cPE-LiUPU
_erda
049 _aPRUA
082 0 4 _a985.112
_bT36
_221
100 1 _aTemoche Benites, Ricardo,
_eautor.
245 1 0 _aSechura; lucha permanente contra la adversidad /
_cRicardo Temoche Benites.
264 1 _aLima :
_bInclán,
_c1975.
300 _a133 páginas ;
_c20 cm
336 _atext
_2rdacontent
337 _aunmediated
_2rdamedia
338 _avolume
_2rdacarrier
505 0 _aEl pueblo pescador de Illescas -- Población -- Territorio -- Economía pescados -- Economía agraria -- Economía minera -- Miscelanea histórica.
526 _aP136
526 _aP135
526 _aP134
526 _aP133
526 _aP144
526 _aP143
526 _aP87
526 _aP35
526 _aP20
526 _aP14
526 _aP10
526 _aP06
651 _aSechura, Piura (Perú : Distrito)
_xHistoria.
910 _ajck
_bjvq
_cjck
_d20150616
942 _2ddc
_cBOOK
949 _a985.112 T36
_wDEWEY
_c1
_i16191
_lCCODEBUL1
_mBUL
_p00.00
_r0
_sY
_tBOOK
_u19780927
_xEDUCACION
_zUNKNOWN
_0COMPRA
_o.STAFF. Colección General
994 _aC0
_bPEPRU
596 _a1
999 _a985.112 T36
_wDEWEY
_c18519
_i16191
_f2021-11-8
_g5
_lCCODEBUL1
_mBUL
_r0
_sY
_tBOOK
_u2015-6-17
_xBIBLIOTECA
_zUNKNOWN
_0COMPRA
_o.STAFF. Colección General
_d18519
980 _81
_gALBERTO SANCHEZ Responsable de Automatización